000 00706nas a2200253 4500
001 BR2015000087
003 BR-BrBNA
005 20231205124900.0
007 ta
008 230509b bl.|||p| |||| 00| 00por d
040 _aBR-BrBNA
_bpor
_cBiblioteca Nacional de Agricultura
041 _a(Pt)
072 _aD50
100 1 _aAnon.
245 1 _aDecreto que transformou o DPA em Instituto de Zootecnia
650 _aDECRETO
650 _aLEGISLACAO
650 _aZOOTECNIA
650 _aEDUCACAO
650 _aCIENCIA ANIMAL
773 0 _tZootecnia (Brazil)
_xISSN 0044-5320
_g(Jan-Mar 1970), v. 8(1) p. 11-18
_wBR2015000087
909 _a202311
_bLúcia
_c55
_dLúcia Elande
942 _2AGRIS
_n0
_cANA
999 _c241404
_d241404